00696nam a2200229Ia 4500003000900000008004100009040001300050040001300063041000800076100001800084245003100102250002200133260002100155260000900176300001100185300001000196490003100206490000600237942000700243999001700250952019900267IT-RoPAU120407s9999 xx 000 0 und d aIT-RoPAU cIT-RoPAU aita aMario Benigni aUn’anima e la sua storia aCinisello Balsamo aEdizioni Paoline c1992 a287 p. c20 cm aFondatori e riformatori,37 v1 cBK c31534d31534 00102ddc406922_21380000000000071aPAULUSbPAULUSd2012-04-11l0o922.2138r2012-04-11 00:00:00w2012-04-11yBKzInserito da: Carla In data: 24 ottobre 2011 fondo: Via A.Severo 56 Progr:36097